| 000 | 01788nam a2200337 a 4500 | ||
|---|---|---|---|
| 001 | BRCA_2879 | ||
| 005 | 20190320204018.0 | ||
| 008 | 111208s1839----gw-#---###---#000-0#ger-u | ||
| 041 | _ager | ||
| 044 | _agw | ||
| 084 |
_a283 _b.M48 _c1839 |
||
| 100 | 1 |
_aCervantes Saavedra, Miguel de _d1547-1616 _9213 |
|
| 245 | 1 | 0 |
_aDer Sinnreiche Junker Don Quixote von der Mancha _cvon Miguel de Cervantes Saavedra. |
| 260 |
_aStuttgart _bJ. B. Metzler´schen-buchhandlung _c1839 |
||
| 300 |
_a6 v. en 12 t. _c16 cm. |
||
| 440 | 0 |
_aMiguel´s de Cervantes sämmtliche Romane und Novellen _n1-5 _98031 |
|
| 500 | _aContenido : v 1. Primera parte. Dedicatoria del autor. Prólogo del autor. Versos preliminares. Texto. -- v 2. Texto. -- v 3. Segunda parte. Dedicatoria del autor. Prólogo del autor. Texto. -- v 4. Texto. -- v 5. Texto. -- v 6. Texto | ||
| 500 | _aEdición : Aus dem Spanischen von Adelbert Keller und Friedrich Notter | ||
| 500 | _aEdición económica con la traducción de A. Keller y F. Notter, que es la primera que lleva todas las poesías preliminares de la edición príncipe vertidas al alemán. La parte tipográfica, no obstante el carácter económico de la edición, es buena. Semipiel; lomeras decoradas con adornos dorados Lúdovik Osterc | ||
| 500 | _aQM514 | ||
| 546 | _aTexto en : alemán | ||
| 650 | 1 | 4 |
_aNovela española _yÉpoca clásica, 1500-1700 _9215 |
| 650 | 1 | 4 |
_aLiteratura española _yÉpoca clásica, 1500-1700 _9216 |
| 650 | 1 | 4 |
_aNovela española _ySiglo XVII _9217 |
| 650 | 1 | 4 |
_aDon Quijote (Personaje ficticio) _eNovela _9218 |
| 700 | 1 |
_aKeller, Adelbert von _d1812-1883 _eTraductor _98032 |
|
| 700 | 1 |
_aNotter, Friedrich _d1801-1884 _eTraductor _98033 |
|
| 740 | 0 | _aEl Ingenioso Hidalgo Don Quijote de la Mancha | |
| 902 | _aQFM | ||
| 942 |
_2lcc _cB |
||
| 999 |
_c2618 _d2618 |
||